000 00464nam a2200133 i 4500
001 bg
100 1 _aOPYDO, W.
245 0 _aAnaliza i badanie wpływu niektórych czynników stanu układu izolacyjnego próżniowego na jego wytrzymałość elektryczną przy napięciu przemiennym o częstotliwości elektroenergetycznej. /
_cW. Opydo.
260 _aPoznań,
_c1984.
040 _cBPK
041 _apol
942 _cKS
008 s pl f |000 0 pol
999 _c28008
_d28008
856 _uhttp://koha.tu.koszalin.pl/cgi-bin/koha/opac-detail.pl?biblionumber=28008
_yKatalog online BPK